|
|
แสดงรายละเอียดบรรณานุกรม |
|
|
Brief Record
: Get Marc (ISO 2709)
: E-mail record
: |
| LEADER 00000nama 2200000uu 4500 | |||
| 008 040531s2520 th m m a000 0 tha d | |||
| 041 tha | |||
| 050 WP630 ก351ย 2520 | |||
| 100 กองอนามัยครอบครัว.ฝ่ายอบรมนิเทศและศึกษา | |||
| 245 ยาเม็ดคุมกำเนิด : บทเรียนแบบโปรแกรมชุดการวางแผนครอบครัว 001 | |||
| 246 วางแผนครอบครัว | |||
| 260 กรุงเทพฯ ฝ่ายอบรมนิเทศและศึกษา 2520 | |||
| 300 69 หน้า | |||
| 650 ยาเม็ดคุมกำเนิด - แบบเรียนสำเร็จรูป | |||
| 998 1998-02-17 | |||
| คุณยังไม่ได้ล็อกอิน คุณสามารถมีกิจกรรมร่วมกับเว็บไซต์ได้ แต่ต้องล็อกอินก่อน :: |
|
| สถานะ | |||||||||
| 1. | หนังสือทั่วไป | WP630 ก351ย 2520 | On Shelf ขอยืม | ||||||
| [แสดง 1/1 รายการ] | |||||||||
BibComment |
| คอมเมนท์ทรัพยากรรายการนี้ |
|
|